Совершенствование технологии производства горячекатаных профилей: отраслевой сборник научных трудов

Մատենագիտական մանրամասներ
Համատեղ հեղինակ: Украинский научно-исследовательский институт металлов (УкрНИИМет)
Լեզու:ռուսերեն
Հրապարակվել է: Харьков, Изд-во УкрНИИМета, 1986
Խորագրեր:
Ձևաչափ: MixedMaterials Գիրք
KOHA link:https://koha.lib.tpu.ru/cgi-bin/koha/opac-detail.pl?biblionumber=267970

MARC

LEADER 00000nam0a2200000 4500
001 267970
005 20231101234127.0
035 |a (RuTPU)RU\TPU\book\291096 
090 |a 267970 
100 |a 20140825d1986 k y0rusy50 ca 
101 0 |a rus 
102 |a UA 
105 |a a z 001zy 
200 1 |a Совершенствование технологии производства горячекатаных профилей  |e отраслевой сборник научных трудов  |f Украинский научно-исследовательский институт металлов (УкрНИИМет) 
210 |a Харьков  |c Изд-во УкрНИИМета  |d 1986 
215 |a 112 с.  |c ил. 
320 |a Библиография в конце статей 
606 1 |a Прокатные профили  |x Производство  |2 stltpush  |3 (RuTPU)RU\TPU\subj\52087  |9 70579 
610 1 |a прокатка 
610 1 |a параметры 
610 1 |a исследования 
610 1 |a сортовой прокат 
610 1 |a технология 
610 1 |a оборудование 
610 1 |a прокатные станы 
610 1 |a валки 
610 1 |a производство 
610 1 |a эксплуатация 
675 |a 621.771.26  |v 3 
712 0 2 |a Украинский научно-исследовательский институт металлов (УкрНИИМет)  |2 stltpush  |3 (RuTPU)RU\TPU\col\12545 
801 1 |a RU  |b 63413507  |c 20140825 
801 2 |a RU  |b 63413507  |c 20151126  |g RCR 
942 |c BK